| 000 | 01082nam a2200325 i 4500 | ||
|---|---|---|---|
| 001 | 000044246 | ||
| 003 | DO-SdBNP | ||
| 005 | 20250129172553.0 | ||
| 007 | ta | ||
| 008 | 140611e200? dr a gr 001 0dspa d | ||
| 020 | _z9945432001 | ||
| 040 |
_aDO-SdBNP _bspa _cBNPHU |
||
| 041 | _hspa | ||
| 082 | 4 |
_aRD861.44 _bD919po _222 |
|
| 100 | 1 |
_aDunker L., José, _d1943- _91027 |
|
| 245 | 1 | 0 |
_aPoemas filosóficos del rey Salomón / _cJesé Dunker L. ; prólogo Federico Henríquez Gratereaux. |
| 264 | 1 |
_aSanto Domingo: _b[s.n.], _c200? |
|
| 300 |
_a133 p. ; _bil.; _c22 cm. |
||
| 336 |
_atexto _btxt _2rdacontent |
||
| 337 |
_asin mediación _bn _2rdamedia |
||
| 338 |
_avolumen _bn _2rdacarrier |
||
| 504 | _aBibliografía : p. 131 | ||
| 590 | _aInventariado, 2023 /LP | ||
| 600 | 0 |
_978781 _aSalomón, Rey de Israel, _d 973?-933? a. C |
|
| 650 | 0 |
_aPoesía dominicana _978060 |
|
| 650 | 0 |
_983590 _aEclesiastés _xCrítica e interpretación |
|
| 700 | 1 | 2 |
_aHenríquez Gratereaux, Federico, _d1937- _eprólogo _92003 |
| 910 | _aValidado. Control de calidad MAA | ||
| 942 |
_2ddc _cLBS1 |
||
| 999 |
_c43735 _d43735 |
||